000 00526nam a2200181 a 4500
005 20220808141156.0
008 991125s1924 ea 000 0 spa u
035 _aUPN01000004453
049 _aCE
050 4 _aLB1589
_bT5.3
100 1 _aThorndike, Eduardo Lee
245 1 4 _aLas aritméticas de Thorndike /
_cEduardo Lee Thorndike.
260 _aNueva York :
_bRand McNally,
_c1924.
300 _a2 v.
500 _aDisponible en la Colección Medina
650 4 _aAritmética
_xEstudio y enseñanza
_97853
905 _aLibro
999 _c4453
_d4453